Vista normal
Vista MARC
Entrada Personal Name
Número de registros utilizados en: 1
001 - CONTROL NUMBER
- control field: 5319
003 - CONTROL NUMBER IDENTIFIER
- control field: DLC
005 - DATE AND TIME OF LATEST TRANSACTION
- control field: 20230503090603.0
008 - FIXED-LENGTH DATA ELEMENTS
- fixed length control field: 170821 a|ac|n|aab||||||||||||a |n|||||||
010 ## - LIBRARY OF CONGRESS CONTROL NUMBER
- LC control number: n 85030510
040 ## - CATALOGING SOURCE
- Original cataloging agency: DLC
- Language of cataloging: spa
- Description conventions: rda
- Transcribing agency: Mx-PuUPA
- Modifying agency: DLC
- Modifying agency: Mx-PuUPA
100 1# - HEADING--PERSONAL NAME
- Personal name: McAdams, Dan P.,
374 ## - OCCUPATION
- Occupation: Autor
375 ## - GENDER
- Gender: hombre
377 ## - ASSOCIATED LANGUAGE
- Language code: eng
670 ## - SOURCE DATA FOUND
- Source citation: His Power, intimacy, and the life story, c1985:
- Information found: t.p. (Dan P. McAdams)
670 ## - SOURCE DATA FOUND
- Source citation: Identity and story, c2006:
- Information found: t.p. (Dan P. McAdams) p. 283 (PhD; prof. of human development and social policy and of psychology, Northwestern Univ.)